000
002520000a22000970004500
100
1
_a
Sánchez Navarro, Luis
245
1
0
_a
La ley del corazón (Mt 7,12)
300
_a
vol. 60, núm 2 (2002), Páginas 255-264
773
0
_t
Estudios Bíblicos
942
_c
ANA
999
_c
50346
_d
50346